| 000 | 00462cam a2200181ua 4500 | ||
|---|---|---|---|
| 020 | _c55.00 | ||
| 041 |
_aeng _h |
||
| 082 |
_a332.31 _bDES/AG |
||
| 100 | _aDesai, S.S.M . | ||
| 245 |
_aAgriculture and rural banking in India / _cS.S.M.Desai. _hTextual Documents |
||
| 250 |
_a1 / _b. |
||
| 260 |
_aMumbai : _bHimalaya publishing house , _c1990. |
||
| 300 |
_a445 : _b` ; . |
||
| 365 | _a55.00 | ||
| 504 | _a | ||
| 942 | _cBK | ||
| 999 |
_c1762 _d1762 |
||